Statistics for 90 secs Countries of the World: by same length

Click here to take the quiz!

General Stats

  • This quiz has been taken 891 times
  • The average score is 172 of 196

Answer Stats

COUNTRY % Correct
Libya
98%
Haiti
98%
Somalia
98%
Kenya
98%
Jordan
98%
Japan
98%
Jamaica
98%
Italy
98%
Israel
98%
Ireland
98%
India
98%
Iceland
98%
Hungary
98%
Guyana
98%
Kuwait
98%
Guinea
98%
Spain
98%
Poland
98%
Greece
98%
Ghana
98%
Germany
98%
Georgia
98%
Gambia
98%
Gabon
98%
France
98%
Finland
98%
Kosovo
98%
Latvia
98%
Estonia
98%
Namibia
98%
Qatar
98%
Romania
98%
Panama
98%
Palau
98%
Russia
98%
Norway
98%
Nigeria
98%
Niger
98%
Rwanda
98%
Nepal
98%
Nauru
98%
Morocco
98%
Lebanon
98%
Samoa
98%
Monaco
98%
Moldova
98%
Mexico
98%
Senegal
98%
Malta
98%
Serbia
98%
Malawi
98%
Albania
98%
Liberia
98%
Lesotho
98%
Sudan
98%
Grenada
98%
Eritrea
98%
Benin
98%
Canada
98%
Tuvalu
98%
Uganda
98%
Burundi
98%
Burma
98%
Ukraine
98%
Brunei
98%
Brazil
98%
Vanuatu
98%
Bolivia
98%
Bhutan
98%
Belize
98%
Tunisia
98%
Belgium
98%
Belarus
98%
Bahrain
98%
Bahamas
98%
Austria
98%
Vietnam
98%
Armenia
98%
Yemen
98%
Zambia
98%
Angola
98%
Andorra
98%
Algeria
98%
Turkey
98%
Uruguay
98%
Syria
98%
Egypt
98%
Taiwan
98%
China
98%
Tonga
98%
Denmark
98%
Sweden
98%
Cyprus
98%
Chile
98%
Comoros
98%
Croatia
98%
Ecuador
98%
Oman
95%
Cuba
95%
Mali
95%
Chad
95%
Fiji
95%
Laos
95%
Togo
95%
Iraq
95%
Peru
95%
Iran
95%
Montenegro
90%
Azerbaijan
90%
New Zealand
90%
Saint Lucia
90%
Kazakhstan
90%
Bangladesh
90%
Mozambique
90%
Luxembourg
90%
Tajikistan
90%
Kyrgyzstan
90%
El Salvador
90%
South Sudan
90%
Mauritania
90%
South Korea
90%
North Korea
90%
Uzbekistan
90%
Madagascar
90%
Seychelles
90%
Sri Lanka
88%
Saudi Arabia
88%
Switzerland
88%
Vatican City
88%
Tanzania
88%
Sierra Leone
88%
Slovakia
88%
Slovenia
88%
Thailand
88%
Suriname
88%
South Africa
88%
Portugal
88%
Afghanistan
88%
Philippines
88%
Kiribati
88%
Barbados
88%
Botswana
88%
Bulgaria
88%
Burkina Faso
88%
Cambodia
88%
Cameroon
88%
Colombia
88%
Côte d'Ivoire
88%
Djibouti
88%
Dominica
88%
Paraguay
88%
Ethiopia
88%
Honduras
88%
Zimbabwe
88%
Pakistan
88%
Malaysia
88%
Maldives
88%
Netherlands
88%
Mongolia
88%
Macedonia
84%
San Marino
84%
Argentina
84%
Australia
84%
Venezuela
84%
Nicaragua
84%
Cape Verde
84%
Singapore
84%
Costa Rica
84%
East Timor
84%
Guatemala
84%
Lithuania
84%
Indonesia
84%
Swaziland
84%
Mauritius
84%
Guinea-Bissau
68%
United States
68%
Turkmenistan
68%
Czech Republic
65%
Liechtenstein
65%
United Kingdom
65%
São Tomé and Príncipe
40%
Republic of the Congo
40%
United Arab Emirates
40%
Saint Kitts and Nevis
40%
Dominican Republic
35%
Trinidad and Tobago
35%
Antigua and Barbuda
35%
Democratic Republic of the Congo
27%
Saint Vincent and the Grenadines
27%
Papua New Guinea
23%
Solomon Islands
23%
Equatorial Guinea
17%
Central African Republic
15%
Bosnia and Herzegovina
14%
Marshall Islands
13%
Federated States of Micronesia
12%

Score Distribution

Percentile by Number Answered

Percent of People with Each Score

Your Score History

You have not taken this quiz